=LDR 00000nam 2200000 4500 =001 INLIS000000000033113 =005 20130612135103 =008 ***********************************ind** =035 ##$$a0010-061300000033113 =041 ##$$a ind =082 ##$$a 658.001 =090 ##$$a 658.001, Ter p =100 ##$$a Terry, George R =245 ##$$a Prinsip-prinsip manajemen, George r. terry; Alih bahasa, J. smith =260 ##$$a 2008 $b Jakarta =300 ##$$a 228 hlm, 21 cm =650 ##$$a Manajemen Prinsip =850 ##$$a NBPNMAT =990 ##$$a 21194773/BPAP-NTB/2014